[Event "Colmenarejo Autumn op 29th"]
[Site "Colmenarejo"]
[Date "2019.10.20"]
[Round "6"]
[White "Vazquez Rodriguez, Maria Elena"]
[Black "Almodovar Manzanares, Vicente"]
[Result "1-0"]
[WhiteElo "1648"]
[BlackElo "1468"]
[PlyCount "87"]
[EventDate "2019.09.15"]
[EventType "swiss"]
[EventRounds "7"]
[EventCountry "ESP"]
[SourceTitle "EXT 2021"]
[Source "ChessBase"]
[SourceDate "2020.10.23"]
[SourceVersion "1"]
[SourceVersionDate "2020.10.23"]
[SourceQuality "1"]

1. d4 f5 2. Nf3 e6 3. Bf4 Nf6 4. h3 Be7 5. e3 0-0 6. Bd3 c5 7. c3 a6 8. a4 b6 9. 0-0 Bb7 10. Nbd2 Nh5 11. Bh2 d6 12. Qb3 d5 13. c4 Nd7 14. cxd5 Bxd5 15. Bc4 Nhf6 16. Ng5 Bxc4 17. Qxc4 cxd4 18. Nxe6 Qc8 19. Nxf8+ Qxc4 20. Nxc4 Rxf8 21. exd4 a5 22. Rfe1 Bb4 23. Re6 Nd5 24. Bd6 Rc8 25. Rc1 Bxd6 26. Rxd6 N7f6 27. b3 Rb8 28. Re1 b5 29. Nxa5 bxa4 30. bxa4 Ra8 31. Nc6 Rxa4 32. Rd8+ Kf7 33. g4 fxg4 34. hxg4 Kg6 35. f3 Kg5 36. Kf2 Nf4 37. Kg3 Nd3 38. f4+ Kh6 39. Re3 Nxf4 40. Kxf4 g5+ 41. Kf5 Ra5+ 42. Nxa5 Nd7 43. Rh3+ Kg7 44. Rxd7+ 1-0

[Event "Colmenarejo Autumn op 29th"]
[Site "Colmenarejo"]
[Date "2019.09.29"]
[Round "3"]
[White "Almodovar Manzanares, Vicente"]
[Black "Anton Ortiz, Carlos"]
[Result "1-0"]
[WhiteElo "1468"]
[BlackElo "1107"]
[PlyCount "115"]
[EventDate "2019.09.15"]
[EventType "swiss"]
[EventRounds "7"]
[EventCountry "ESP"]
[SourceTitle "EXT 2021"]
[Source "ChessBase"]
[SourceDate "2020.10.23"]
[SourceVersion "1"]
[SourceVersionDate "2020.10.23"]
[SourceQuality "1"]

1. c4 e5 2. e3 c5 3. Nc3 Nf6 4. g3 d5 5. cxd5 Nxd5 6. Bg2 Be6 7. Nge2 Qd7 8. b3 Nxc3 9. Nxc3 Nc6 10. Qe2 Be7 11. Bb2 Bf6 12. Ne4 Be7 13. Rc1 b6 14. 0-0 Bh3 15. f4 Bxg2 16. Kxg2 Qd5 17. Qf3 Qd7 18. Bxe5 0-0 19. Bc3 Rfe8 20. f5 f6 21. Qg4 Rf8 22. Nf2 b5 23. Qe2 Qxf5 24. Qxb5 Qd5+ 25. e4 Qd6 26. Rfd1 Rab8 27. Qc4+ Kh8 28. d4 cxd4 29. Bxd4 Nxd4 30. Rxd4 Qe5 31. Rd7 a5 32. Qc7 Qxc7 33. Rcxc7 Rf7 34. Rxe7 Rxe7 35. Rxe7 h6 36. Nd3 Rc8 37. b4 axb4 38. Nxb4 Rb8 39. Nd3 Rd8 40. Nb4 Rd4 41. a3 Rd2+ 42. Kh3 g5 43. Rf7 Re2 44. Rxf6 Rxe4 45. Rxh6+ Kg7 46. Ra6 g4+ 47. Kh4 Kf7 48. Nd5 Rd4 49. Nf4 Rd2 50. Kxg4 Rxh2 51. Kf5 Ra2 52. g4 Kg7 53. g5 Ra1 54. Ra7+ Kf8 55. g6 Rg1 56. Kf6 Re1 57. Ra8+ Re8 58. Ne6+ 1-0

[Event "Colmenarejo Autumn op 25th"]
[Site "Colmenarejo"]
[Date "2018.09.30"]
[Round "3"]
[White "Alonso Saiz, Luis"]
[Black "Almodovar Manzanares, Vicente"]
[Result "0-1"]
[WhiteElo "1461"]
[BlackElo "1473"]
[PlyCount "98"]
[EventDate "2018.09.16"]
[EventType "swiss"]
[EventRounds "7"]
[EventCountry "ESP"]
[SourceTitle "CBM 187 Extra"]
[Source "ChessBase"]
[SourceDate "2018.11.04"]
[SourceVersion "1"]
[SourceVersionDate "2018.11.04"]
[SourceQuality "1"]

1. d4 f5 2. Nf3 e6 3. Bf4 Nf6 4. Nbd2 Be7 5. e3 0-0 6. Bc4 b6 7. Qe2 Bb7 8. 0-0-0 d5 9. Bb3 c5 10. c4 Nbd7 11. Ne5 Rc8 12. Kb1 dxc4 13. Bxc4 Bd5 14. Rhg1 Bxc4 15. Ndxc4 Nd5 16. Nxd7 Qxd7 17. Ne5 Qa4 18. Rd3 c4 19. Rdd1 c3 20. Qc2 Qxc2+ 21. Kxc2 Nb4+ 22. Kb3 cxb2 23. Nc4 Nxa2 24. Nxb2 Nc3 25. Rge1 Nxd1 26. Rxd1 b5 27. Nd3 a5 28. Rb1 a4+ 29. Ka2 Rc2+ 30. Ka1 b4 31. Nxb4 Bxb4 32. Rxb4 Ra8 33. g3 Rxf2 34. Rb2 Rxb2 35. Kxb2 a3+ 36. Ka2 Ra6 37. h4 Kf7 38. h5 Ke7 39. Be5 g6 40. hxg6 hxg6 41. Bg7 Kd6 42. Bf8+ Kd5 43. Bxa3 Ke4 44. Kb2 Rxa3 45. Kxa3 Kxe3 46. Kb2 Kxd4 47. Kc2 Ke3 48. Kd1 Ke4 49. Ke1 Kf3 0-1

[Event "Colmenarejo Spring op 24th"]
[Site "Colmenarejo"]
[Date "2018.06.17"]
[Round "6"]
[White "Olmedo Aznar, Mario"]
[Black "Almodovar Manzanares, Vicente"]
[Result "0-1"]
[WhiteElo "1133"]
[BlackElo "1500"]
[PlyCount "44"]
[EventDate "2018.05.13"]
[EventType "swiss"]
[EventRounds "7"]
[EventCountry "ESP"]
[SourceTitle "EXT 2019"]
[Source "ChessBase"]
[SourceDate "2018.10.10"]
[SourceVersion "1"]
[SourceVersionDate "2018.10.10"]
[SourceQuality "1"]

1. d4 d5 2. Bf4 Bf5 3. Nf3 Nf6 4. e3 e6 5. Bd3 Bxd3 6. Qxd3 h6 7. h4 c5 8. c4 dxc4 9. Qxc4 cxd4 10. exd4 Nc6 11. 0-0 Rc8 12. Qb5 Bb4 13. Rd1 0-0 14. a3 Ba5 15. Nc3 Bb6 16. Ne5 Nxe5 17. dxe5 Nd5 18. Nxd5 exd5 19. g3 Rc2 20. Kh1 Rxf2 21. Rxd5 Qc8 22. Rd2 Qh3+ 0-1

[Event "Colmenarejo Spring op 24th"]
[Site "Colmenarejo"]
[Date "2018.05.27"]
[Round "3"]
[White "Almodovar Manzanares, Vicente"]
[Black "Rapaport, Andres Natalio"]
[Result "0-1"]
[WhiteElo "1500"]
[BlackElo "1287"]
[PlyCount "66"]
[EventDate "2018.05.13"]
[EventType "swiss"]
[EventRounds "7"]
[EventCountry "ESP"]
[SourceTitle "EXT 2019"]
[Source "ChessBase"]
[SourceDate "2018.10.10"]
[SourceVersion "1"]
[SourceVersionDate "2018.10.10"]
[SourceQuality "1"]

1. c4 c5 2. e3 e6 3. d4 d5 4. cxd5 exd5 5. dxc5 Bxc5 6. Nc3 Nf6 7. a3 0-0 8. Nf3 Be6 9. b4 Bb6 10. Bb2 Nc6 11. Na4 Bc7 12. Rc1 Bg4 13. Bb5 Ne5 14. Rxc7 Bxf3 15. gxf3 Qxc7 16. f4 Ned7 17. Bxd7 Qxd7 18. Bxf6 gxf6 19. Rg1+ Kh8 20. Qd4 Qf5 21. Kd2 Rg8 22. Rxg8+ Rxg8 23. Nc5 Rg2 24. Nd3 Kg7 25. Qxa7 Rg1 26. Qxb7 Ra1 27. Qa7 Ra2+ 28. Kc3 Qc8+ 29. Nc5 Ra1 30. Kb2 Rf1 31. Nd3 Rd1 32. Qd4 Rd2+ 33. Ka1 Qc2 0-1